| 000 -LEADER |
| fixed length control field |
01724cam a2200469 i 4500 |
| 001 - CONTROL NUMBER |
| control field |
11759027 |
| 003 - CONTROL NUMBER IDENTIFIER |
| control field |
ASAB |
| 005 - DATE AND TIME OF LATEST TRANSACTION |
| control field |
20180827062638.0 |
| 008 - FIXED-LENGTH DATA ELEMENTS--GENERAL INFORMATION |
| fixed length control field |
150630s2015 pk b 001 0 eng |
| 010 ## - LIBRARY OF CONGRESS CONTROL NUMBER |
| LC control number |
2015330046 |
| 020 ## - INTERNATIONAL STANDARD BOOK NUMBER |
| International Standard Book Number |
9789695623701 |
| 020 ## - INTERNATIONAL STANDARD BOOK NUMBER |
| International Standard Book Number |
9695623700 |
| 035 ## - SYSTEM CONTROL NUMBER |
| System control number |
(OCoLC)ocn919252479 |
| 035 ## - SYSTEM CONTROL NUMBER |
| System control number |
(OCoLC)919252479 |
| 035 ## - SYSTEM CONTROL NUMBER |
| System control number |
(NNC)11759027 |
| 040 ## - CATALOGING SOURCE |
| Original cataloging agency |
DLC |
| Language of cataloging |
eng |
| Description conventions |
rda |
| Transcribing agency |
ASAB |
| Modifying agency |
OCLCF |
| -- |
DKAGE |
| -- |
OCLCO |
| -- |
WAU |
| 042 ## - AUTHENTICATION CODE |
| Authentication code |
lcode |
| -- |
pcc |
| 043 ## - GEOGRAPHIC AREA CODE |
| Geographic area code |
a-ii--- |
| -- |
a-is--- |
| 050 00 - LIBRARY OF CONGRESS CALL NUMBER |
| Classification number |
DS480.45 |
| Item number |
.M334 2015 |
| 082 04 - DEWEY DECIMAL CLASSIFICATION NUMBER |
| Classification number |
320.954035 |
| Edition number |
23 |
| 100 1# - MAIN ENTRY--PERSONAL NAME |
| Personal name |
Malik, Nadeem Shafiq. |
| 9 (RLIN) |
1905 |
| 245 10 - TITLE STATEMENT |
| Title |
Brethren in faith : |
| Remainder of title |
the All India Muslim League and Palistine issue, (1917-1947) / |
| Statement of responsibility, etc. |
Nadeem Shafiq Malik. |
| 246 1# - VARYING FORM OF TITLE |
| Display text |
Correct title should read: |
| Title proper/short title |
Brethren in faith : |
| Remainder of title |
the All India Muslim League and Palestine issue, (1917-1947) |
| 300 ## - PHYSICAL DESCRIPTION |
| Extent |
608 pages ; |
| Dimensions |
24 cm |
| 504 ## - BIBLIOGRAPHY, ETC. NOTE |
| Bibliography, etc. note |
Includes bibliographical references (pages 560-[571]) and index. |
| 610 20 - SUBJECT ADDED ENTRY--CORPORATE NAME |
| Corporate name or jurisdiction name as entry element |
All-India Muslim League |
| General subdivision |
History. |
| 9 (RLIN) |
1906 |
| 610 27 - SUBJECT ADDED ENTRY--CORPORATE NAME |
| Corporate name or jurisdiction name as entry element |
All-India Muslim League. |
| Source of heading or term |
fast |
| 9 (RLIN) |
1907 |
| 648 #7 - SUBJECT ADDED ENTRY--CHRONOLOGICAL TERM |
| Chronological term |
1900 - 1999 |
| Source of heading or term |
fast |
| 9 (RLIN) |
1908 |
| 650 #0 - SUBJECT ADDED ENTRY--TOPICAL TERM |
| Topical term or geographic name entry element |
Muslims |
| General subdivision |
Political activity |
| Geographic subdivision |
India |
| General subdivision |
History |
| Chronological subdivision |
20th century. |
| 9 (RLIN) |
1909 |
| 650 #0 - SUBJECT ADDED ENTRY--TOPICAL TERM |
| Topical term or geographic name entry element |
Arab-Israeli conflict. |
| 9 (RLIN) |
1910 |
| 650 #7 - SUBJECT ADDED ENTRY--TOPICAL TERM |
| Topical term or geographic name entry element |
Arab-Israeli conflict. |
| Source of heading or term |
fast |
| 9 (RLIN) |
1911 |
| 650 #7 - SUBJECT ADDED ENTRY--TOPICAL TERM |
| Topical term or geographic name entry element |
Muslims |
| General subdivision |
Political activity. |
| Source of heading or term |
fast |
| 9 (RLIN) |
1912 |
| 650 #7 - SUBJECT ADDED ENTRY--TOPICAL TERM |
| Topical term or geographic name entry element |
Politics and government. |
| Source of heading or term |
fast |
| 9 (RLIN) |
1913 |
| 651 #0 - SUBJECT ADDED ENTRY--GEOGRAPHIC NAME |
| Geographic name |
India |
| General subdivision |
Politics and government |
| Chronological subdivision |
1919-1947. |
| 9 (RLIN) |
1914 |
| 651 #0 - SUBJECT ADDED ENTRY--GEOGRAPHIC NAME |
| Geographic name |
Palestine |
| General subdivision |
History |
| Chronological subdivision |
1917-1948. |
| 9 (RLIN) |
1915 |
| 651 #7 - SUBJECT ADDED ENTRY--GEOGRAPHIC NAME |
| Geographic name |
India. |
| Source of heading or term |
fast |
| 9 (RLIN) |
1916 |
| 651 #7 - SUBJECT ADDED ENTRY--GEOGRAPHIC NAME |
| Geographic name |
Middle East |
| Geographic subdivision |
Palestine. |
| Source of heading or term |
fast |
| 9 (RLIN) |
1917 |
| 655 #7 - INDEX TERM--GENRE/FORM |
| Genre/form data or focus term |
History. |
| Source of term |
fast |
| 9 (RLIN) |
1918 |
| 942 ## - ADDED ENTRY ELEMENTS (KOHA) |
| Source of classification or shelving scheme |
|
| Koha item type |
Book |
| 948 1# - LOCAL PROCESSING INFORMATION (OCLC); SERIES PART DESIGNATOR (RLIN) |
| Series part designator, SPT (RLIN) |
20160303 |
| b (OCLC) |
c |
| c (OCLC) |
sds12 |
| d (OCLC) |
MPS |